Iniciación al estudio de la historia de la lengua española
Guardat en:
| Autor principal: | |
|---|---|
| Format: | Llibre |
| Idioma: | espanyol |
| Publicat: |
Zaragoza
Heraldo de Aragon
1939
|
| Edició: | 3a. ed |
| Matèries: | |
| Etiquetes: |
Afegir etiqueta
Sense etiquetes, Sigues el primer a etiquetar aquest registre!
|
MARC
| LEADER | 00000nam a2200000 a 4500 | ||
|---|---|---|---|
| 001 | UCQ3579 | ||
| 003 | CL-VaPUC | ||
| 008 | 980821e19390000SP |||||||||||||||||spa|d | ||
| 082 | 0 | 4 | |a 460.09 |b OLI |2 21 |
| 100 | |a Oliver Asin, Jaime |e autor |9 417809 | ||
| 245 | 1 | 0 | |a Iniciación al estudio de la historia de la lengua española |
| 250 | |a 3a. ed | ||
| 300 | |a 271 p | ||
| 942 | |c BK | ||
| 945 | |d 19980821 00:00:00 |a crobeson | ||
| 260 | |a Zaragoza |b Heraldo de Aragon |c 1939 | ||
| 650 | 0 | |a Español |9 255372 | |
| 650 | 0 | |a Historia |9 255047 | |
| 650 | 0 | |a Fonética |9 308371 | |
| 650 | 0 | |a Morfología |9 334440 | |
| 650 | 7 | |a LINGUISTICA DESCRIPTIVA |2 CL-VaPUC |9 417810 | |
| 583 | |a last modification |c 19980821 00:00:00 |k Rodrigo Vera | ||
| 999 | |c 274100 |d 274098 | ||
| 952 | |0 0 |1 0 |4 0 |6 460_090000000000000_OLI_1939 |7 0 |8 A |9 310160 |a BIBEDU |b BIBEDU |d 2019-11-20 |i 1455729 |o 460.09 OLI 1939 |p 1455729 |r 2019-11-20 |w 2019-11-20 |y BK |k LIT | ||